000 00791nam a2200181Ia 4500
008 090124s9999 xx 000 0 und d
082 _b3877
_a545
100 _aसाने पां.स.उर्फ सानेगुरुजी (पांडूरंग सदाशीव)
245 _a ििशशर कुमार घोष
250 _a1
260 _c1929
300 _a47
600 _aसाने पां.स.उर्फ सानेगुरुजी (पांडूरंग सदाशीव)
630 _a ििशशर कुमार घोष
700 _aसाने पां.स.उर्फ सानेगुरुजी (पांडूरंग सदाशीव)
730 _a ििशशर कुमार घोष
942 _cBOOK
999 _c117818
_d117818